000 01113nam a2200241Ia 4500
999 _c54778
_d54778
001 21846
003 GE_BSU
005 20220525161645.0
008 181216s ||||ge |||||||||||||| ||geo||
020 _aISBN:978-99940-66-96-4
040 _cGE_BSU
041 _ageo
080 _a811.353.1-8(075.3) ქ-27
245 _aქართული ენა :
_bმე-3 კლ. /
_cვახტანგ როდონაია, მარიამ მირიანაშვილი, ლალი ვაშაკიძე, ავთანდილ არაბული ; მხატვ. თამარ ჯაყელი.
_h
264 _aთბილისი :
_bსაქართველოს მაცნე,
_c2006.
300 _a159 გვ. :
_bილ. ;
_c29 სმ.
500 _aპილოტირებულია საქართველოს სკოლებში
541 _h8 ლ.
653 _aქართული ენა
653 _aმე-3 კლასი
700 _aჯაყელი, თამარ
_eმხატვარი
_92711
942 _cBK
_2udc